[Event "Rio de Janeiro Estadual U20"]
[Site "Rio de Janeiro"]
[Date "2000.04.09"]
[Round "?"]
[White "Souza, Eduardo Dotorivo"]
[Black "Spirin, Daniel"]
[Result "0-1"]
[WhiteElo "1702"]
[BlackElo "1882"]
[PlyCount "42"]
[EventDate "2000.04.??"]
[EventType "tourn"]
[EventRounds "6"]
[EventCountry "BRA"]
[SourceTitle "EXT 2005"]
[Source "ChessBase"]
[SourceDate "2004.11.15"]
[SourceVersion "1"]
[SourceVersionDate "2004.11.15"]
[SourceQuality "1"]

1. c4 Nf6 2. Nc3 e6 3. e4 Nc6 4. d4 d6 5. f4 e5 6. fxe5 dxe5 7. d5 Nd4 8. Be3 Bc5 9. Be2 0-0 10. h3 Nd7 11. g4 Qh4+ 12. Kd2 Qg3 13. Nf3 Nxf3+ 14. Bxf3 Bxe3+ 15. Kxe3 Nb6 16. Kd3 c6 17. c5 Nd7 18. b4 cxd5 19. Nxd5 b6 20. c6 Ba6+ 21. Ke3 Nf6 0-1

[Event "Rio de Janeiro Estadual U20"]
[Site "Rio de Janeiro"]
[Date "2000.04.02"]
[Round "?"]
[White "Spirin, Daniel"]
[Black "Le Masson, Rafael"]
[Result "1-0"]
[WhiteElo "1882"]
[BlackElo "1682"]
[PlyCount "59"]
[EventDate "2000.04.??"]
[EventType "tourn"]
[EventRounds "6"]
[EventCountry "BRA"]
[SourceTitle "EXT 2005"]
[Source "ChessBase"]
[SourceDate "2004.11.15"]
[SourceVersion "1"]
[SourceVersionDate "2004.11.15"]
[SourceQuality "1"]

1. d4 Nf6 2. c4 e5 3. dxe5 Ng4 4. Nf3 Bc5 5. e3 Nc6 6. Qd5 Qe7 7. a3 a6 8. b4 Ba7 9. Bb2 0-0 10. Be2 Re8 11. e6 dxe6 12. Qh5 Nf6 13. Qg5 h6 14. Qg3 b6 15. Ne5 Nxe5 16. Bxe5 Bb8 17. Bf3 Ra7 18. Nc3 Qf8 19. Bxf6 Kh8 20. Bd4 f6 21. Bxb6 cxb6 22. Qxb8 Rd7 23. Qg3 Rd3 24. Rc1 Red8 25. 0-0 e5 26. Be4 Rd2 27. Bd5 Bf5 28. e4 Bh7 29. Qe3 Rd4 30. Ne2 1-0

[Event "Rio de Janeiro masters op"]
[Site "Rio de Janeiro"]
[Date "1999.07.16"]
[Round "5"]
[White "Chaves, Jorge Antonio Torre"]
[Black "Spirin, Daniel"]
[Result "0-1"]
[WhiteElo "2131"]
[BlackElo "1659"]
[PlyCount "78"]
[EventDate "1999.07.10"]
[EventType "swiss"]
[EventRounds "7"]
[EventCountry "BRA"]
[SourceTitle "EXT 2003"]
[Source "ChessBase"]
[SourceDate "2002.11.25"]
[SourceVersion "1"]
[SourceVersionDate "2002.11.25"]
[SourceQuality "1"]

1. e4 e5 2. Nc3 Nf6 3. g3 g6 4. Nf3 d6 5. d4 Qe7 6. dxe5 dxe5 7. Bg5 c6 8. Qd2 Bg7 9. 0-0-0 Bg4 10. Be2 Nbd7 11. h3 Be6 12. Nxe5 Nxe5 13. f4 h6 14. fxe5 hxg5 15. exf6 Bxf6 16. g4 Rd8 17. Qe3 Rxd1+ 18. Rxd1 Be5 19. Qxa7 0-0 20. Qa4 Qc5 21. Rd3 Bc4 22. b4 Qf2 23. Nd1 Qxe2 24. Rd7 b5 25. Qa5 Qxe4 26. Qa7 Be6 27. Rd3 Qxb4 28. c3 Qc4 29. Nb2 Qxa2 30. Qxa2 Bxa2 31. Kc2 Re8 32. Re3 Kf8 33. Nd3 Bf4 34. Rxe8+ Kxe8 35. Nb4 Bd5 36. Kd3 Bg2 37. Kd4 Kd7 38. c4 c5+ 39. Kxc5 Bd6+ 0-1